| 000 | 00428nam a2200157 4500 | ||
|---|---|---|---|
| 001 | 144219 | ||
| 003 | ES-MaACL | ||
| 005 | 20230906200952.0 | ||
| 007 | t| | ||
| 008 | 070214s1966 sp r ||||1| spa d | ||
| 100 | 1 |
_aSierra, Fernando. _9106253 |
|
| 245 | 1 | 0 |
_aOración, encuentro con dios / _cFernando Sierra. |
| 260 |
_aSalamanca : _bSígueme, _c1966. |
||
| 300 |
_a136 p. ; _c19 cm. |
||
| 852 |
_aES-MaACL _jC-32123 _bR.70286 |
||
| 999 |
_c144219 _d144219 |
||